000 00259nam a2200097Ia 4500
008 240331s9999 xx 000 0 und d
082 _bCEN
100 _aCenter for Policy Alternatives and the Forum of Federations. ed
245 4 _aThe federal iIdea
942 _cL
999 _c3953
_d3953